000 00385nam a22001697a 4500
003 OSt
005 20260502121937.0
008 260502b |||||||| |||| 00| 0 eng d
020 _a9789364558686
082 _a915.4 TAA
100 _aTAXMANN
245 _aAvishvasniya Bharat (In Hindi)
250 _a1st Ed
260 _aNew Delhi
_bTaxmann
300 _a442p.
942 _2ddc
_cREF
999 _c13945
_d13945